000
00315nam a22001337a 4500
020
_a
978-1-292-43732-3
082
_a
658.15
100
_a
Brooks, Raymond M.
245
_a
Financial Management:
_b
Core Concepts
250
_a
4th
260
_a
Harlow:
_b
Pearson,
_c
2023
300
_a
690p.: ill.; 28cm
942
_c
BK
999
_c
22181
_d
22181